| 000 | 00458nam a22001817a 4500 | ||
|---|---|---|---|
| 003 | MPLRDC | ||
| 005 | 20220104124141.0 | ||
| 008 | 210129b ||||| |||| 00| 0 eng d | ||
| 020 | _a7-5327-1190-0 | ||
| 082 | _a874.4 TWA c.2 | ||
| 100 | _aMARK TWAIN | ||
| 245 |
_a哈克贝里. 芬历险记 _c张万里注 |
||
| 250 | _a二版二刷 | ||
| 260 |
_a _b上海译文出版社 _c1991 |
||
| 300 | _b平 | ||
| 650 | _a美国文学 | ||
| 942 |
_cBK _o874.4 TWA c.2 |
||
| 999 |
_c17032 _d17022 |
||